Kelly Price - Migos feat. Travis Scott (Full lyrics) - Statistics

General Stats
  • This quiz has been taken 6 times
  • The average score is 580 of 627
Answer Stats
Lyrics % Correct
a
100%
all
100%
All
100%
Always
100%
and
100%
ass
100%
back
100%
Back
100%
been
100%
bent
100%
Bentley
100%
bitch
100%
bitches
100%
bitches,
100%
bite
100%
blues
100%
call
100%
called
100%
can
100%
choice
100%
cocaine
100%
corner
100%
could
100%
darts
100%
dash
100%
days
100%
diamonds
100%
didn't
100%
doin'
100%
drive
100%
drugs
100%
dry
100%
eat
100%
Fisher
100%
Flash,
100%
for
100%
geekin',
100%
get
100%
Get
100%
go
100%
God
100%
goin'
100%
gon'
100%
gonna
100%
good
100%
Good
100%
Got
100%
got
100%
grab
100%
hair,
100%
hand
100%
heart
100%
heaven,
100%
her
100%
honest,
100%
hundreds
100%
I
100%
"I"
100%
I'm
100%
I'ma
100%
in
100%
it
100%
it,
100%
it's
100%
It's
100%
Jag'
100%
keep
100%
Kelly
100%
Klondike,
100%
Lambo
100%
land
100%
lean
100%
let
100%
lethal,
100%
lethal
100%
lice,
100%
like
100%
like,
100%
make
100%
me
100%
mile
100%
minute
100%
molly
100%
my
100%
My
100%
never
100%
Never
100%
night
100%
No
100%
not
100%
Now
100%
of
100%
old
100%
on
100%
out
100%
parts,
100%
price,
100%
Price
100%
Price,
100%
price
100%
real,
100%
red
100%
rice
100%
ride
100%
Ride
100%
right
100%
right,
100%
robbed
100%
'round,
100%
saved
100%
Sensei
100%
She
100%
she
100%
side,
100%
sing
100%
some
100%
spend
100%
squad
100%
suck
100%
Take
100%
take
100%
tan
100%
tell
100%
that
100%
that's
100%
the
100%
then
100%
they
100%
think
100%
this
100%
thought
100%
through
100%
to
100%
Treat
100%
truck,
100%
truck
100%
Truck
100%
until
100%
up,
100%
up
100%
wanna
100%
was
100%
way
100%
Way
100%
ways
100%
we
100%
We
100%
what
100%
"What's
100%
Woke
100%
won't
100%
yeah,
100%
yeah
100%
You
100%
you
100%
alright
67%
another
67%
auto,
67%
Bad
67%
bag
67%
Basketball
67%
before
67%
blindfold,
67%
button
67%
car
67%
cashed
67%
change
67%
chicken
67%
cities
67%
close,
67%
color,
67%
couldn't
67%
dice
67%
different
67%
done
67%
Don't
67%
door,
67%
drink
67%
driveway
67%
else
67%
'em,
67%
'em
67%
face
67%
fire
67%
flow
67%
fries
67%
furniture
67%
gang
67%
Garfield
67%
gotta
67%
graduate
67%
gunplay
67%
had
67%
hallway
67%
here
67%
ice
67%
ice,
67%
If
67%
just
67%
Just
67%
key,
67%
Kick
67%
kill,
67%
leave
67%
Let's
67%
life
67%
Lifestyle,
67%
might
67%
Migo
67%
narcs,
67%
niggas
67%
Niggas
67%
nothin'
67%
nowhere
67%
oatmeal
67%
oatmeals,
67%
our
67%
paid
67%
pay
67%
pie
67%
piece
67%
piranhas
67%
plans?"
67%
play
67%
Plus
67%
pop
67%
Popeye's,
67%
Popeye's
67%
probably
67%
prolly
67%
push
67%
put
67%
rich
67%
rockin',
67%
roll
67%
Said
67%
same
67%
say
67%
seal
67%
something
67%
stand
67%
start
67%
still
67%
tab
67%
Tear
67%
there
67%
tonight
67%
too
67%
try
67%
Tunnel
67%
Two
67%
violent?
67%
vision
67%
walk
67%
watching
67%
were
67%
whip
67%
wing
67%
With
67%
without
67%
Young
67%
your
67%
dough
33%
No matching quizzes found
Score Distribution
Percent of People with Each Score
Percentile by Number Answered
Your Score History
You have not taken this quiz